Responses for show #884 - Thursday, June 9, 1988

Michael Rankins game 5.

Contestants

[<< previous game]

Richard Fond, an attorney from Los Angeles, California

Kristie Ackerman, a copy editor originally from Tokyo, Japan

Michael Rankins, a customer service represenative from Rohnert Park, California (whose 4-day cash winnings total $44,999)

[next game >>]

Jeopardy! Round responses

FLORIDA
PRESIDENTIAL NICKNAMES
COWBOY TALK
MUSICAL RELATIVES
KIDDY LIT CREATURES
THE CAMERA
    $100 10
(Major League) baseball

Michael
    $100 1
Ulysses S. Grant

Michael
    $100 11
Texas

Richard
    $100 16
the Gibb Brothers (Bee Gees)

Richard
    $100 21
blow the door (house) down

Kristie
    $200 9
Tupperware

Triple Stumper
    $200 2
John Adams

Richard
    $200 18
making a lasso (or lariat)

Richard
    $200 12
the Carpenters

Michael
    $200 22
(Alex: We've got a minute to go.)

his spots

Michael
    $300 6
Alabama

Michael
    $300 3
Abraham Lincoln

Michael
    $300 17
(Richard: What is on your face behind a horse?)
(Alex: Um... no.)

riding behind the herd

Richard
Triple Stumper
    $300 13
(Michael: Who are Les Ford and...)

Les Paul & Mary Ford

MichaelKristie
    $300 25
Chicken Little

Michael
    $300 26
motion picture cameras

Michael
    $400 7
Orlando

Michael
    $400 4
Independence

Richard
    $400 19
being in cahoots

Michael
    $400 14
the Mills Brothers

Michael
    $400 24
Bambi

Kristie
    $400 27
[The end-of-round signal sounds.]

flash

Richard
    $500 8
["Conga"]

[The song is reprised going into the break.]

Miami Sound Machine

Michael
    $500 5
(Richard: What is "Accidental"... the "Accidental President"?)
(Alex: We'll give it to you. We weren't clear enough as to what we were looking for in the clue.)

"His Accidency"

Richard
    $500 20
the saddlehorn

Michael
    $500 15
the Everly Brothers

Richard
    $500 23
Angus

Triple Stumper

Scores at the first commercial break (after clue 8):

Michael Kristie Richard
$1,600 $0 $1,100

Scores at the end of the Jeopardy! Round:

Michael Kristie Richard
$3,700 $800 $2,100

Double Jeopardy! Round responses

MEDICINE
BOOKS & AUTHORS
BELIZE, PLEASE
THE 16th CENTURY
WILDFLOWERS
DIRECTORS
    $200 6
(Alex: They were Siamese twins.)

separate them

Richard
    $200 1
Jonathan Winters

Kristie
    $200 30
traffic lights

Richard
    $200 21
(Kristie: Who are Jews?)
(MIchael: Who are women?)

the Moors

MichaelKristie
Triple Stumper
    $200 12
Lady Bird Johnson

Michael
    $200 11
Bob Fosse

Kristie
    $400 17
Pap test

Michael
    $400 2
Ian Fleming

Michael
    $400 29
the Coca-Cola Company

Michael
    $400 22
19

Richard
    $400 13
Ophelia (from "Hamlet")

Kristie
    $400 7
Anson Williams

Kristie
    $600 18
electroencephalogram

Michael
    $1,000 3
(Alex: South America was the 4th.)

Africa, Asia & Europe

Michael
    $600 28
(Michael: Who were the Incas?)

Mayans

MichaelKristie
    $600 24
Cortes

Michael
    $500 14
orchid

Kristie
    $600 8
Peter Bogdanovich

Richard
    $800 19
(Richard: What is hearing and sight?)

hearing & touch

Richard
Triple Stumper
    $800 4
Quo Vadis

Michael
    $800 23
Peace Corps volunteers

Michael
    $800 25
(Alex: We've got a minute to go.)

Ivan the Terrible

Richard
    $800 15
(Richard: Um...)

Claude Monet

Richard
Triple Stumper
    $800 9
Ingmar Bergman

Richard
    $1000 20
urologist

Michael
    $1000 5
(Kristie: What is Papa Hemingway?)

A Moveable Feast

Kristie
Triple Stumper
    $1000 27
(Michael: What is Nicaragua?)
(Richard: What is Honduras?)

Guatemala

MichaelRichard
Triple Stumper
    $1000 26
India

Richard
    $1000 16
the Joshua tree

Michael
    $1000 10
Hope and Glory

Michael

Scores at the end of the Double Jeopardy! Round:

Michael Kristie Richard
$10,100 $1,900 $3,500
(lock game)

[wagering suggestions for these scores]

Final Jeopardy! Round responses

AMERICAN HISTORY
KristieWhat is Spanish-American War?
$0
RichardWhat was the Spanish-American War?
$3,450
MichaelWhat was the Vietnam War?
$3,001
the Spanish-American War

Final scores:

Michael Kristie Richard
$7,099 $1,900 $6,950
5-day champion: $52,098 3rd place: Scott audio system 2nd place: Broyhill roll-top desk & chair & Smith-Corona portable electric typewriter

Game dynamics:

Coryat scores:

Michael Kristie Richard
$9,700 $2,000 $3,500
25 R
(including 2 DDs),
4 W
9 R
(including 1 DD),
2 W
15 R,
4 W

Combined Coryat: $15,200

The J! Archive is created by fans, for fans. The Jeopardy! game show and all elements thereof, including but not limited to copyright and trademark thereto, are the property of Jeopardy Productions, Inc. and are protected under law. This website is not affiliated with, sponsored by, or operated by Jeopardy Productions, Inc. Join the discussion at JBoard.tv.